[Event "BL 1516 SG Turm Trier - Hamburger SK"]
[Site "?"]
[Date "2016.02.06"]
[Round "5.7"]
[White "Heinemann, Thies"]
[Black "Galyas, Miklos"]
[Result "0-1"]
[WhiteElo "2458"]
[BlackElo "2459"]
[PlyCount "102"]
[EventDate "2016.??.??"]

1. e4 d6 2. d4 Nf6 3. Nc3 g6 4. g3 Bg7 5. Bg2 O-O 6. Nge2 e5 7. O-O Nc6 8. dxe5
Nxe5 9. h3 Bd7 10. a4 Re8 11. b3 a6 12. Kh2 Rb8 13. Bd2 Nc6 14. Re1 Nb4 15. Nf4
c5 16. Rb1 b5 17. axb5 axb5 18. Kg1 h6 19. Re3 Qc8 20. Kh2 Bc6 21. Be1 Qb7 22.
Qe2 g5 23. Nfd5 Nbxd5 24. Nxd5 Nxd5 25. exd5 Rxe3 26. Qxe3 Bxd5 27. Bxd5 Qxd5
28. Bc3 Qe6 29. Bxg7 Qxe3 30. fxe3 Kxg7 31. Rd1 Rd8 32. Kg2 Kf6 33. Ra1 b4 34.
Kf3 h5 35. Ra7 Ke6 36. Ra6 Rh8 37. Kf2 g4 38. h4 Rh6 39. Ra8 Rf6+ 40. Ke2 Rf3
41. Rh8 Rxg3 42. Rxh5 Rh3 43. Rh8 d5 44. Rh5 f5 45. Rh8 d4 46. exd4 cxd4 47. h5
Ke5 48. h6 Ke4 49. Kf2 Kf4 50. Kg1 Kg3 51. Rf8 f4 0-1

[Event "BL 1516 SG Turm Trier - Hamburger SK"]
[Site "?"]
[Date "2016.02.06"]
[Round "5.8"]
[White "Kolbus, Dietmar"]
[Black "Sebastian, Dirk"]
[Result "1/2-1/2"]
[WhiteElo "2304"]
[BlackElo "2450"]
[PlyCount "69"]
[EventDate "2016.??.??"]

1. Nf3 g6 2. c4 Bg7 3. e4 d6 4. d4 Nd7 5. Nc3 e5 6. Be2 Ne7 7. h4 h6 8. h5 g5
9. d5 f5 10. exf5 Nxf5 11. g4 Nd4 12. Nxd4 exd4 13. Nb5 Ne5 14. Nxd4 O-O 15.
Be3 c6 16. O-O Bd7 17. b3 Qf6 18. Rc1 Rae8 19. Rc2 c5 20. Ne6 Bxe6 21. dxe6
Qxe6 22. Rd2 Rf6 23. Kh1 Ref8 24. Rg1 Nc6 25. Rg2 Nd4 26. Bxd4 cxd4 27. Kg1 Re8
28. Kf1 Rf4 29. Bd3 Be5 30. Bf5 Rxf5 31. gxf5 Qxf5 32. Qg4 Qb1+ 33. Qd1 Qf5 34.
Qg4 Qb1+ 35. Qd1 1/2-1/2

[Event "BL 1516 SG Solingen - SK Norderstedt"]
[Site "?"]
[Date "2016.02.06"]
[Round "5.1"]
[White "Trent, Lawrence"]
[Black "Harikrishna, Pentala"]
[Result "0-1"]
[WhiteElo "2455"]
[BlackElo "2753"]
[PlyCount "138"]
[EventDate "2016.??.??"]

1. e4 c5 2. Nf3 e6 3. Nc3 Nc6 4. Bb5 Nge7 5. O-O Nd4 6. Nxd4 cxd4 7. Ne2 a6 8.
Bd3 Nc6 9. c3 dxc3 10. dxc3 Bc5 11. Bc2 O-O 12. Qd3 d6 13. Qg3 Qe7 14. Nf4 Ne5
15. Nh5 f6 16. Bh6 Rf7 17. Kh1 Kh8 18. Bc1 g6 19. Nf4 Bd7 20. b3 f5 21. Nh3 Bc6
22. Bg5 Qf8 23. Rae1 fxe4 24. Bxe4 Re8 25. Bxc6 Nxc6 26. Qh4 Rf5 27. Bh6 Qf6
28. Qxf6+ Rxf6 29. f3 d5 30. Nf4 d4 31. Nd3 Bb6 32. cxd4 Nxd4 33. Re4 Nb5 34.
Bf4 Kg8 35. Be5 Rf7 36. h4 Rd7 37. Nf4 Bd8 38. h5 g5 39. Nh3 Rd5 40. Rfe1 Kf7
41. Nf2 Nd6 42. Bxd6 Rxd6 43. Ng4 Bc7 44. Ne5+ Ke7 45. f4 gxf4 46. Rxf4 Rd5 47.
Rf7+ Kd8 48. Nf3 Rxh5+ 49. Kg1 Re7 50. Rf8+ Kd7 51. Kf2 Bb6+ 52. Kf1 Rg7 53. g4
Rh1+ 54. Ke2 Rxe1+ 55. Kxe1 Kd6 56. Rf4 Kd5 57. Ke2 e5 58. Rf5 Bd4 59. Rg5 Rc7
60. Kd2 Rf7 61. Ke2 Ke4 62. Nd2+ Kf4 63. Rg8 Rc7 64. Kd1 b5 65. a4 Ke3 66. axb5
axb5 67. Rb8 Bb2 68. Nf1+ Kd3 69. Ke1 Bd4 0-1

[Event "BL 1516 SG Solingen - SK Norderstedt"]
[Site "?"]
[Date "2016.02.06"]
[Round "5.2"]
[White "Ragger, Markus"]
[Black "Bekker-Jensen, Simon"]
[Result "1/2-1/2"]
[WhiteElo "2682"]
[BlackElo "2455"]
[PlyCount "115"]
[EventDate "2016.??.??"]

1. d4 Nf6 2. c4 g6 3. Nc3 Bg7 4. e4 d6 5. Nf3 O-O 6. Be2 Na6 7. O-O e5 8. Be3
Qe7 9. Bg5 exd4 10. Nd5 Qd8 11. Nxd4 Nc5 12. f3 a5 13. Qd2 c6 14. Nxf6+ Bxf6
15. Bxf6 Qxf6 16. Rad1 a4 17. Rfe1 Bd7 18. Bf1 Rad8 19. Ne2 Bc8 20. Nc3 Qe5 21.
f4 Qf6 22. Qe3 Rfe8 23. e5 Qe7 24. Qf2 Qf8 25. exd6 Rxe1 26. Rxe1 b6 27. b4
axb3 28. axb3 Qxd6 29. b4 Nd7 30. c5 bxc5 31. Ne4 Qd4 32. bxc5 Nf8 33. g3 Ne6
34. Qxd4 Rxd4 35. Bg2 Ba6 36. Bh3 Bc4 37. f5 gxf5 38. Bxf5 Kg7 39. g4 Bd5 40.
Ng3 Nf4 41. Kf2 Rc4 42. Re8 Rxc5 43. Ke3 Rc4 44. g5 h6 45. gxh6+ Kxh6 46. Rg8
Be6 47. Kf3 Ng6 48. Rxg6+ fxg6 49. Bxe6 Rc2 50. h3 Kg5 51. Ne4+ Kh4 52. Kf4 g5+
53. Nxg5 Rf2+ 54. Nf3+ Rxf3+ 55. Kxf3 Kg5 56. Ke4 Kf6 57. Bc4 c5 58. h4 1/2-1/2

[Event "BL 1516 SG Solingen - SK Norderstedt"]
[Site "?"]
[Date "2016.02.06"]
[Round "5.3"]
[White "Krause, Benedict"]
[Black "L'Ami, Erwin"]
[Result "1/2-1/2"]
[WhiteElo "2310"]
[BlackElo "2625"]
[PlyCount "138"]
[EventDate "2016.??.??"]

1. e4 e5 2. Nf3 Nc6 3. Bc4 Bc5 4. O-O d6 5. c3 Bg4 6. h3 Bh5 7. d3 Nf6 8. Nbd2
O-O 9. Re1 a6 10. Nf1 Na5 11. b4 Nxc4 12. bxc5 Na5 13. Be3 d5 14. Ng3 dxe4 15.
Nxh5 Nxh5 16. Nxe5 f6 17. Qxh5 fxe5 18. dxe4 Qe8 19. Qxe8 Raxe8 20. Red1 Kf7
21. Rd7+ Re7 22. Rad1 Nc6 23. Bg5 Rxd7 24. Rxd7+ Kg6 25. h4 h6 26. Be3 Rc8 27.
f4 exf4 28. Bxf4 Re8 29. Bxc7 Rxe4 30. Bd6 Na5 31. Bg3 h5 32. Bf2 Kf6 33. Bd4+
Ke6 34. Rxg7 Rxh4 35. Rh7 Kf5 36. g3 Rg4 37. Rxh5+ Kg6 38. Rh3 Nc6 39. Be3 Rc4
40. Rh6+ Kg7 41. Rd6 Rxc3 42. Kf2 Kf8 43. Kf3 Ra3 44. Rd2 Ke7 45. Ke4 Ke6 46.
Rd6+ Ke7 47. Rh6 Rxa2 48. Rh7+ Ke6 49. Rxb7 Ra4+ 50. Kd3 Ra3+ 51. Ke2 Kd5 52.
Rb6 a5 53. g4 Ra2+ 54. Kf3 Ne5+ 55. Kf4 Nc4 56. Rb3 a4 57. Rd3+ Kc6 58. Bd4 a3
59. g5 Rg2 60. Rg3 Rd2 61. Bc3 Rf2+ 62. Rf3 Rg2 63. Rg3 Rf2+ 64. Kg4 a2 65. g6
Nb2 66. Bxb2 Rxb2 67. Ra3 Kxc5 68. g7 Rg2+ 69. Kf5 Rxg7 1/2-1/2

[Event "BL 1516 SG Solingen - SK Norderstedt"]
[Site "?"]
[Date "2016.02.06"]
[Round "5.4"]
[White "Van Kampen, Robin"]
[Black "Polischuk, Viktor"]
[Result "1-0"]
[WhiteElo "2627"]
[BlackElo "2317"]
[PlyCount "71"]
[EventDate "2016.??.??"]

1. e4 c5 2. Nf3 e6 3. d4 cxd4 4. Nxd4 Nf6 5. Nc3 Nc6 6. Ndb5 d6 7. Bf4 e5 8.
Bg5 a6 9. Na3 b5 10. Nd5 Be7 11. Bxf6 Bxf6 12. c4 b4 13. Nc2 O-O 14. h4 a5 15.
g3 Be6 16. Bh3 Ra7 17. Qd3 Bxd5 18. cxd5 Nd4 19. Nxd4 exd4 20. Rc1 Qe7 21. O-O
g6 22. Rc6 Re8 23. Re1 Rd8 24. Re2 h5 25. Kh2 Qb7 26. f4 Bg7 27. Bg2 Qb8 28.
Rec2 Kh7 29. e5 dxe5 30. f5 e4 31. Bxe4 Qe5 32. fxg6+ Kh8 33. Rc8 Bf6 34. Rxd8+
Bxd8 35. Rc8 Qf6 36. Rxd8+ 1-0

[Event "BL 1516 SG Solingen - SK Norderstedt"]
[Site "?"]
[Date "2016.02.06"]
[Round "5.5"]
[White "Jochens, Arne"]
[Black "Smeets, Jan"]
[Result "0-1"]
[WhiteElo "2265"]
[BlackElo "2602"]
[PlyCount "82"]
[EventDate "2016.??.??"]

1. c4 e5 2. g3 Nf6 3. Bg2 c6 4. d4 Bb4+ 5. Bd2 Bxd2+ 6. Qxd2 d6 7. dxe5 dxe5 8.
Qxd8+ Kxd8 9. Nf3 Re8 10. Nc3 Kc7 11. Rd1 a5 12. b3 Na6 13. Ng5 Re7 14. Rd2 Bf5
15. Nge4 Bxe4 16. Nxe4 Nxe4 17. Bxe4 a4 18. O-O a3 19. Rfd1 g6 20. g4 Kb6 21.
f3 Ka5 22. Kf2 Kb4 23. e3 Nc5 24. Ke2 Rf8 25. Rg1 f5 26. gxf5 gxf5 27. Bb1 Re6
28. Rg5 Rh6 29. Kf1 e4 30. Kg2 exf3+ 31. Kxf3 Rh3+ 32. Rg3 Rh4 33. Kg2 Rf7 34.
Rf2 Ne4 35. Bxe4 Rxe4 36. Rgf3 Kc3 37. Rxf5 Rxf5 38. Rxf5 Rxe3 39. Rf2 Rd3 40.
Kg1 Rd1+ 41. Kg2 Rd2 0-1

[Event "BL 1516 SG Solingen - SK Norderstedt"]
[Site "?"]
[Date "2016.02.06"]
[Round "5.6"]
[White "Sandipan, Chanda"]
[Black "Michna, Christian"]
[Result "1-0"]
[WhiteElo "2583"]
[BlackElo "2277"]
[PlyCount "63"]
[EventDate "2016.??.??"]

1. Nf3 Nf6 2. g3 g6 3. Bg2 Bg7 4. d4 O-O 5. O-O d6 6. Nc3 Nc6 7. d5 Na5 8. Nd4
Bd7 9. h3 Qc8 10. Kh2 c5 11. Nb3 Nc4 12. a4 b6 13. e4 a6 14. f4 Ne8 15. Qe2 b5
16. axb5 Bxb5 17. Nxb5 axb5 18. Rxa8 Qxa8 19. e5 Qa7 20. Nd2 Nxd2 21. Bxd2 Nc7
22. exd6 exd6 23. Qe7 Qb6 24. f5 Re8 25. Qd7 f6 26. fxg6 hxg6 27. Bh6 Bh8 28.
Bf4 Re2 29. Qg4 Rxg2+ 30. Kxg2 g5 31. Bxg5 fxg5 32. Qc8+ 1-0

[Event "BL 1516 SG Solingen - SK Norderstedt"]
[Site "?"]
[Date "2016.02.06"]
[Round "5.7"]
[White "Meyer, Falko"]
[Black "Nikolic, Predrag"]
[Result "0-1"]
[WhiteElo "2227"]
[BlackElo "2618"]
[PlyCount "170"]
[EventDate "2016.??.??"]

1. d4 d5 2. Bf4 c5 3. e3 Nc6 4. Nc3 cxd4 5. exd4 Bf5 6. Nf3 e6 7. Ne5 Bb4 8.
Nxc6 bxc6 9. Bd3 Ne7 10. O-O O-O 11. Na4 Ng6 12. Bg3 Bxd3 13. Qxd3 Qa5 14. b3
Rfe8 15. f4 Qb5 16. Qf3 Nf8 17. f5 f6 18. c3 Ba3 19. Rae1 Re7 20. fxe6 Nxe6 21.
Qg4 Rae8 22. Bh4 Kh8 23. Rxf6 Nxd4 24. Rxe7 Bxe7 25. Rf7 Ne2+ 26. Kh1 Bf8 27.
c4 Qb4 28. Rf1 Qd6 29. cxd5 cxd5 30. Qh5 g6 31. Qf3 Bg7 32. Bg5 Qe5 33. Bf6
Bxf6 34. Qxf6+ Qxf6 35. Rxf6 Nc3 36. Kg1 Nxa2 37. Rd6 Nc1 38. Rxd5 Nxb3 39. Rd7
a5 40. Rb7 Nd4 41. Rd7 Nc6 42. Rc7 Nb4 43. Ra7 Re5 44. Nb6 Nd3 45. h3 Nf4 46.
Kf2 Nd3+ 47. Kg1 Rc5 48. Nd7 Rf5 49. g4 Rf7 50. Ra8+ Kg7 51. Nb6 Nf4 52. Rxa5
Nxh3+ 53. Kh2 Nf2 54. Ra4 Nd3 55. Nd5 Nc5 56. Rc4 Ne6 57. Kg3 Rd7 58. Nf4 Ng5
59. Ra4 Kh6 60. Ra5 Rd1 61. Kg2 Rb1 62. Re5 Rb4 63. Kg3 Ra4 64. Rb5 Ra3+ 65.
Kg2 Re3 66. Rb1 Ne4 67. Rb7 Rg3+ 68. Kh2 Rxg4 69. Ne6 Ng5 70. Nc5 Rf4 71. Kg2
Rf7 72. Rb8 Kg7 73. Ra8 h5 74. Rb8 Rf5 75. Rc8 Re5 76. Rc7+ Kh6 77. Nd3 Re2+
78. Kf1 Re3 79. Rd7 Ne4 80. Kg2 h4 81. Ne5 Nf6 82. Nf7+ Kh5 83. Rd6 h3+ 84. Kh2
Ng4+ 85. Kh1 Re1# 0-1

[Event "BL 1516 SG Solingen - SK Norderstedt"]
[Site "?"]
[Date "2016.02.06"]
[Round "5.8"]
[White "Appel, Ralf"]
[Black "Kues, Hendrik"]
[Result "1-0"]
[WhiteElo "2513"]
[BlackElo "2119"]
[PlyCount "80"]
[EventDate "2016.??.??"]

1. d4 Nf6 2. Nf3 c5 3. d5 b5 4. Bg5 Qb6 5. Bxf6 Qxf6 6. c3 b4 7. e4 g6 8. e5
Qb6 9. Nbd2 Bg7 10. Nc4 Qd8 11. cxb4 cxb4 12. Be2 O-O 13. O-O Bb7 14. Qd2 a5
15. Rfd1 Na6 16. Qe3 d6 17. e6 Nc5 18. Ng5 fxe6 19. Qh3 h6 20. Nxe6 Nxe6 21.
Qxe6+ Kh7 22. Bd3 Rf6 23. Qe3 Ba6 24. Rac1 Rc8 25. h4 h5 26. Qe2 Bh6 27. Rc2
Kg7 28. Re1 Bxc4 29. Bxc4 Rc7 30. Qd3 Kf7 31. g3 Bf8 32. Rce2 Qc8 33. b3 Qa8
34. Re6 a4 35. Qe4 Qa7 36. Rf1 axb3 37. axb3 Qa2 38. Bd3 Bg7 39. Rxf6+ Bxf6 40.
Qxg6+ Kf8 1-0

[Event "BL 1516 Erfurter SK - SV Mülheim Nord"]
[Site "?"]
[Date "2016.02.06"]
[Round "5.1"]
[White "Potkin, Vladimir"]
[Black "Romanov, Evgeny"]
[Result "1/2-1/2"]
[WhiteElo "2585"]
[BlackElo "2617"]
[PlyCount "69"]
[EventDate "2016.??.??"]

1. c4 Nf6 2. Nc3 e5 3. Nf3 Nc6 4. g3 Nd4 5. Bg2 Nxf3+ 6. Bxf3 Bb4 7. Qb3 Bc5 8.
Na4 Be7 9. d4 exd4 10. O-O d6 11. Bxb7 Rb8 12. Bc6+ Bd7 13. Bxd7+ Nxd7 14. Qd1
Bf6 15. e3 dxe3 16. Bxe3 O-O 17. c5 Nxc5 18. Nxc5 dxc5 19. Bxc5 Re8 20. Rb1
Qxd1 21. Rfxd1 Bxb2 22. Rd2 Bc3 23. Rxb8 Rxb8 24. Rd3 Ba5 25. Bxa7 Rb1+ 26. Kg2
f6 27. Be3 Rb2 28. a3 Bb6 29. Kf3 h5 30. h4 Kf7 31. Rd7+ Kg6 32. Bxb6 cxb6 33.
a4 b5 34. axb5 Rxb5 35. Rc7 1/2-1/2

[Event "BL 1516 Erfurter SK - SV Mülheim Nord"]
[Site "?"]
[Date "2016.02.06"]
[Round "5.2"]
[White "Vovk, Andrey"]
[Black "Tregubov, Pavel V"]
[Result "1/2-1/2"]
[WhiteElo "2632"]
[BlackElo "2582"]
[PlyCount "80"]
[EventDate "2016.??.??"]

1. e4 c5 2. Nf3 Nc6 3. d4 cxd4 4. Nxd4 Nf6 5. Nc3 e5 6. Ndb5 d6 7. Bg5 a6 8.
Na3 b5 9. Nd5 Be7 10. Bxf6 Bxf6 11. c3 Bg5 12. Nc2 Rb8 13. a4 bxa4 14. Ncb4
Nxb4 15. cxb4 O-O 16. Rxa4 a5 17. b5 Bd7 18. Nc3 Qb6 19. Bc4 Kh8 20. O-O f5 21.
exf5 Bxf5 22. b3 Qc5 23. Qe2 Bd8 24. Ra2 Qd4 25. Nd5 Bg4 26. Qe3 Be6 27. Qxd4
exd4 28. Rd2 Bxd5 29. Bxd5 Rxb5 30. Rxd4 Bb6 31. Rd2 Rb4 32. g3 Rd4 33. Rfd1
Rxd2 34. Rxd2 g6 35. Kg2 Bc5 36. Ra2 Rf5 37. Bc4 Bb4 38. Re2 Re5 39. Rxe5 dxe5
40. Kf3 Kg7 1/2-1/2

[Event "BL 1516 Erfurter SK - SV Mülheim Nord"]
[Site "?"]
[Date "2016.02.06"]
[Round "5.3"]
[White "Fridman, Daniel"]
[Black "Mihok, Oliver"]
[Result "1-0"]
[WhiteElo "2616"]
[BlackElo "2506"]
[PlyCount "87"]
[EventDate "2016.??.??"]

1. d4 d5 2. c4 c6 3. Nf3 Nf6 4. Nc3 e6 5. g3 dxc4 6. Bg2 b5 7. Ne5 a6 8. O-O
Bb7 9. b3 cxb3 10. axb3 Bb4 11. Bb2 Be7 12. Qc2 O-O 13. Ne4 Nbd7 14. Nxc6 Rc8
15. Nxd8 Rxc2 16. Nxb7 Rxb2 17. e3 Nxe4 18. Bxe4 Rxb3 19. Rxa6 b4 20. Rfa1 Rc3
21. Na5 Rfc8 22. Kg2 Bf8 23. Bf3 g6 24. Nc6 Ra3 25. R1xa3 bxa3 26. d5 Nf6 27.
dxe6 fxe6 28. Nd4 e5 29. Nb5 e4 30. Bd1 Kg7 31. Nxa3 Rd8 32. Be2 Rd2 33. Kf1
Ra2 34. Ra7+ Kh6 35. Rf7 Bxa3 36. Rxf6 Ra1+ 37. Kg2 Bc5 38. Bc4 Rb1 39. h4 Rb2
40. Kh3 Rb1 41. Bd5 Rb4 42. Rf7 Rb8 43. g4 g5 44. Bxe4 1-0

[Event "BL 1516 Erfurter SK - SV Mülheim Nord"]
[Site "?"]
[Date "2016.02.06"]
[Round "5.4"]
[White "Haba, Petr"]
[Black "Landa, Konstantin"]
[Result "1/2-1/2"]
[WhiteElo "2487"]
[BlackElo "2634"]
[PlyCount "47"]
[EventDate "2016.??.??"]

1. d4 d5 2. c4 e6 3. Nf3 Nf6 4. g3 dxc4 5. Bg2 c5 6. O-O Nc6 7. dxc5 Qxd1 8.
Rxd1 Bxc5 9. Nbd2 c3 10. bxc3 O-O 11. Nb3 Be7 12. c4 Bd7 13. Bb2 Rfd8 14. Nfd4
Rac8 15. Nb5 b6 16. Nd6 Bxd6 17. Rxd6 Be8 18. Rxd8 Nxd8 19. Rc1 Bc6 20. Bxf6
gxf6 21. c5 Ba4 22. cxb6 Rxc1+ 23. Nxc1 axb6 24. Kf1 1/2-1/2

[Event "BL 1516 Erfurter SK - SV Mülheim Nord"]
[Site "?"]
[Date "2016.02.06"]
[Round "5.5"]
[White "Ducarmon, Quinten"]
[Black "Braeuer, Franz"]
[Result "0-1"]
[WhiteElo "2476"]
[BlackElo "2423"]
[PlyCount "120"]
[EventDate "2016.??.??"]

1. e4 e6 2. d4 d5 3. Nd2 Nf6 4. e5 Nfd7 5. Bd3 c5 6. c3 Nc6 7. Ngf3 a6 8. O-O
g5 9. dxc5 g4 10. Nd4 Ncxe5 11. Bc2 Bxc5 12. f4 Nc6 13. N2b3 Ba7 14. Qxg4 h5
15. Qe2 Nf6 16. h3 Ne4 17. Bxe4 dxe4 18. Be3 Nxd4 19. Bxd4 Bxd4+ 20. Nxd4 f5
21. Rad1 Qc7 22. c4 Bd7 23. b4 Kf7 24. c5 Rh6 25. Rd2 Ke7 26. Qc4 Rg6 27. Qe2
Rh8 28. Qf2 h4 29. Nc2 Rg3 30. Qd4 Rhg8 31. Kh1 Bb5 32. Rff2 Bd3 33. Ne3 Rd8
34. Qc3 Kf7 35. Nc4 Bxc4 36. Qxc4 e3 37. Rxd8 Qxd8 38. Rc2 Qd5 39. Qe2 Rxh3+
40. Kg1 Rg3 41. Qh5+ Rg6 42. Qh7+ Rg7 43. Qh5+ Kf8 44. Qh8+ Rg8 45. Qh6+ Ke8
46. Qh5+ Kf8 47. Qh6+ Kf7 48. Qh7+ Rg7 49. Qh5+ Ke7 50. Qxh4+ Kd7 51. Qe1 Kc7
52. Rb2 Qd4 53. Re2 e5 54. fxe5 f4 55. Qh4 Qxe5 56. Kf1 Qf5 57. Qh6 Rh7 58.
Qd6+ Kc8 59. Re1 Rh1+ 60. Ke2 f3+ 0-1

[Event "BL 1516 Erfurter SK - SV Mülheim Nord"]
[Site "?"]
[Date "2016.02.06"]
[Round "5.6"]
[White "Machelett, Heiko"]
[Black "Hausrath, Daniel"]
[Result "1/2-1/2"]
[WhiteElo "2406"]
[BlackElo "2512"]
[PlyCount "89"]
[EventDate "2016.??.??"]

1. d4 Nf6 2. c4 g6 3. g3 Bg7 4. Bg2 O-O 5. Nc3 d6 6. e3 c6 7. Nge2 a5 8. O-O
Na6 9. b3 Bd7 10. Bb2 Rb8 11. Qd2 b5 12. cxb5 cxb5 13. Rfc1 e6 14. Nf4 Qb6 15.
Nd3 b4 16. Ne4 Nd5 17. Nf4 Ne7 18. Rc2 Rfd8 19. Rac1 a4 20. Nd3 f5 21. Ng5 h6
22. Nf3 a3 23. Ba1 g5 24. Qe2 Bb5 25. e4 Re8 26. Bf1 Qb7 27. Nd2 Qd7 28. Qh5
Rf8 29. Qe2 Rfe8 30. Qh5 Rf8 31. Qe2 fxe4 32. Nxe4 Nf5 33. Bh3 Rb7 34. Nd2 d5
35. Nf3 Qf7 36. Bg2 Re7 37. Qd2 Nd6 38. Nfe5 Qf5 39. Nxb4 Ne4 40. Qe1 Bxe5 41.
Nxa6 Bf4 42. gxf4 Bxa6 43. f3 Nf6 44. fxg5 Nh5 45. Rc6 1/2-1/2

[Event "BL 1516 Erfurter SK - SV Mülheim Nord"]
[Site "?"]
[Date "2016.02.06"]
[Round "5.7"]
[White "Feygin, Michael"]
[Black "Enders, Peter"]
[Result "1/2-1/2"]
[WhiteElo "2477"]
[BlackElo "2459"]
[PlyCount "262"]
[EventDate "2016.??.??"]

1. e4 e6 2. d4 d5 3. Nc3 Bb4 4. Nge2 Nc6 5. a3 Ba5 6. Be3 Nf6 7. e5 Ne4 8. b4
Nxc3 9. Nxc3 Bb6 10. Bb5 O-O 11. Bxc6 bxc6 12. O-O Qh4 13. f4 f6 14. Rf3 fxe5
15. Rh3 Qe7 16. fxe5 a5 17. Rb1 axb4 18. axb4 Ba6 19. Qg4 Bc4 20. Rg3 Rf7 21.
h3 Ra3 22. Bg5 Qf8 23. Kh2 Kh8 24. Ne4 Rxg3 25. Nxg3 Rf2 26. Ra1 h6 27. Be3
Rxc2 28. Nh5 Ra2 29. Rxa2 Bxa2 30. Qg6 Qg8 31. Nf4 Bc4 32. Qxe6 Qxe6 33. Nxe6
Kg8 34. h4 Bb5 35. Kg3 Kf7 36. Nf4 Ba4 37. Kf2 Bd1 38. Kg3 Bc2 39. Kf2 Bd1 40.
Ke1 Bg4 41. Kd2 Bf5 42. Kc3 Be4 43. h5 Ke7 44. Kd2 Kf7 45. Ke2 Ba7 46. Kf2 Bb6
47. Kg3 Ba7 48. Kg4 Bb6 49. g3 Ba7 50. Nh3 Bb6 51. Kf4 Bc2 52. Ng1 Ba7 53. g4
Bb1 54. Nf3 Bc2 55. Nh4 Bb1 56. Nf5 Bc2 57. e6+ Kxe6 58. Nxg7+ Kf6 59. Nf5 Bxf5
60. gxf5 Bb8 61. Kg4 Ba7 62. Bf2 Kf7 63. Kf4 Bb8 64. Bg3 Kf6 65. Kg4 Ba7 66.
Be5+ Kf7 67. Kf4 Bb6 68. Bh8 Kg8 69. Bf6 Kf7 70. Be5 Ba7 71. Ke3 Bb6 72. Kd3
Kg8 73. Kc3 Kf7 74. Kb3 Ke7 75. Ka3 Ke8 76. Ka4 Kd7 77. Kb3 Ke7 78. Kc3 Kf7 79.
Kd2 Ba7 80. Kd3 Bb6 81. Ke2 Ba7 82. Ke3 Bb6 83. Bf4 Kg7 84. f6+ Kxf6 85. Bxh6
Kf7 86. Kd3 Ba7 87. Bf4 Kf6 88. Be3 Kf5 89. Ke2 Bb6 90. Kf2 Ba7 91. Kg3 Bb6 92.
Kh4 Ba7 93. Bg1 Bb6 94. Bf2 Ba7 95. Be3 Bb6 96. h6 Kg6 97. Kg4 Ba7 98. Kh4 Bb6
99. Kg3 Ba7 100. Kf3 Bb6 101. Ke2 Kh7 102. Kd3 Kg6 103. Kd2 Kh7 104. Kd1 Kg6
105. Ke1 Kh7 106. Kf1 Kg6 107. Kg2 Ba7 108. Kh1 Bb6 109. Kh2 Ba7 110. Kh3 Bb6
111. Kg4 Ba7 112. h7 Kxh7 113. Kf5 Kg7 114. Ke6 Kg6 115. Bg1 Bb6 116. Kd7 Kf5
117. Kxc6 Ke4 118. b5 Kd3 119. Kxd5 Kc3 120. Bf2 Kb4 121. Kc6 Kc4 122. Be3 Ba7
123. Bg1 Bb6 124. Bf2 Ba7 125. Be3 Bb6 126. Bf4 Bxd4 127. Bxc7 Be3 128. Bb6 Bg5
129. Bc5 Bd8 130. Bd6 Ba5 131. Be7 Bc7 1/2-1/2

[Event "BL 1516 Erfurter SK - SV Mülheim Nord"]
[Site "?"]
[Date "2016.02.06"]
[Round "5.8"]
[White "Voekler, Bernd"]
[Black "Saltaev, Mihail"]
[Result "1-0"]
[WhiteElo "2354"]
[BlackElo "2489"]
[PlyCount "65"]
[EventDate "2016.??.??"]

1. e4 c6 2. d4 d5 3. Nc3 dxe4 4. Nxe4 Bf5 5. Ng3 Bg6 6. h4 h6 7. Nf3 Nd7 8. h5
Bh7 9. Bd3 Bxd3 10. Qxd3 e6 11. Bf4 Qa5+ 12. Bd2 Qb6 13. O-O-O Ngf6 14. Ne5 Be7
15. Rhe1 O-O 16. Nf5 Rfe8 17. Nxh6+ gxh6 18. Nxf7 Nf8 19. Nxh6+ Kh8 20. Re5 Qc7
21. Qf3 Bd8 22. g4 N8d7 23. Re2 Nh7 24. Nf7+ Kg8 25. g5 Nb6 26. g6 Nf6 27. Bf4
Qe7 28. Bg5 Rf8 29. Nh6+ Kg7 30. Nf5+ exf5 31. Rxe7+ Bxe7 32. Qe3 Rfe8 33. Qe6
1-0

[Event "BL 1516 Schwäbisch Hall - Hansa Dortmu"]
[Site "?"]
[Date "2016.02.06"]
[Round "5.1"]
[White "Donchenko, Alexander"]
[Black "Li, Chao"]
[Result "1/2-1/2"]
[WhiteElo "2575"]
[BlackElo "2751"]
[PlyCount "144"]
[EventDate "2016.??.??"]

1. c4 g6 2. Nf3 Bg7 3. g3 c5 4. Bg2 Nc6 5. Nc3 d6 6. a3 e6 7. b4 Nge7 8. Qb3
O-O 9. e3 d5 10. O-O b6 11. Rd1 Bb7 12. Bb2 Rc8 13. d3 Qd7 14. Ne2 d4 15. exd4
Nxd4 16. Nexd4 cxd4 17. Re1 Rfd8 18. a4 a6 19. b5 a5 20. Ba3 Nf5 21. Ne5 Bxe5
22. Bxb7 Qxb7 23. Rxe5 h5 24. Qd1 h4 25. Qg4 hxg3 26. hxg3 Kg7 27. Qe4 Nd6 28.
Qg2 Kf6 29. Rae1 Qxg2+ 30. Kxg2 Nb7 31. f4 Nc5 32. Bxc5 bxc5 33. b6 Ke7 34. Rb1
Rc6 35. Rb5 Kd6 36. Re1 Rb8 37. Reb1 Rb7 38. Kf3 f5 39. R1b2 Kd7 40. Rb1 Kd6
41. g4 Ke7 42. Kg3 Kf6 43. Rxa5 Rbxb6 44. Rbb5 g5 45. gxf5 exf5 46. Rxb6 Rxb6
47. Rxc5 Re6 48. a5 g4 49. Re5 Ra6 50. Rb5 Ke6 51. Kh4 Ra8 52. Rb6+ Kd7 53. a6
Kc7 54. c5 Rh8+ 55. Kg5 Rf8 56. Rg6 Kb8 57. Rg7 Ka8 58. c6 g3 59. Kh4 Rc8 60.
Rg6 g2 61. Rxg2 Rxc6 62. Rg8+ Ka7 63. Rd8 Rg6 64. Rxd4 Rg4+ 65. Kh5 Kxa6 66.
Rd5 Rxf4 67. Kg5 Rf3 68. d4 Kb6 69. Rxf5 Rd3 70. d5 Kc5 71. Kf6 Rxd5 72. Rxd5+
Kxd5 1/2-1/2

[Event "BL 1516 Schwäbisch Hall - Hansa Dortmu"]
[Site "?"]
[Date "2016.02.06"]
[Round "5.2"]
[White "Rodshtein, Maxim"]
[Black "Mons, Léon"]
[Result "1/2-1/2"]
[WhiteElo "2708"]
[BlackElo "2458"]
[PlyCount "256"]
[EventDate "2016.??.??"]

1. d4 d5 2. c4 e6 3. Nc3 Be7 4. cxd5 exd5 5. Bf4 Nf6 6. e3 Bf5 7. Nge2 O-O 8.
Rc1 Bg6 9. h4 h6 10. g4 Ne4 11. Bg2 Nxc3 12. Nxc3 c6 13. g5 hxg5 14. hxg5 Bxg5
15. Qg4 Bxf4 16. Qxf4 Na6 17. Kd2 Re8 18. Rh3 Qf6 19. Rch1 Kf8 20. Qg3 Rad8 21.
Bf1 Qd6 22. Qg5 Qf6 23. Qxf6 gxf6 24. Bxa6 bxa6 25. Na4 Ke7 26. Rc1 Kd6 27. Rc5
f5 28. Ra5 f4 29. Rxa6 fxe3+ 30. fxe3 Rd7 31. Nc5 Rc7 32. b4 Rb8 33. Kc3 Ke7
34. Ra5 Rg8 35. Nb3 Bf5 36. Rf3 Be4 37. Rf2 Rg3 38. Kd2 Rg1 39. Rc5 Rb1 40. Rc1
Rxc1 41. Kxc1 Rc8 42. Na5 Ke6 43. Kd2 Bg6 44. a3 Be4 45. Kc3 Bg6 46. Rf1 Bf5
47. Kb3 Bd3 48. Rd1 Be2 49. Rh1 Bd3 50. Kc3 Be4 51. Rc1 Kd7 52. Kd2 Bf5 53. Rc5
Be4 54. a4 Rc7 55. Nb3 Kd6 56. Ra5 Bf5 57. Nc5 Bc8 58. b5 cxb5 59. axb5 Ke7 60.
Nd3 Bd7 61. Nb4 Be6 62. Nc6+ Kd6 63. Ra6 Bc8 64. Rxa7 Bd7 65. Rxc7 Kxc7 66. Nb4
Bxb5 67. Nxd5+ Kd6 68. Nc3 Bc6 69. e4 Bb7 70. Ke3 f6 71. Kf4 Bc6 72. Kf5 Ke7
73. Nd1 Bd7+ 74. Kf4 Kd6 75. Ne3 Be6 76. Nf5+ Kd7 77. d5 Bg8 78. Nh6 Bh7 79.
Ke3 Ke7 80. Kd4 Kd6 81. Nf5+ Kd7 82. Kc5 Bg6 83. Ng3 Kc7 84. Kd4 Kd6 85. Nf5+
Kd7 86. Ke3 Bh7 87. Kf4 Bg8 88. Ke3 Bh7 89. Kd4 Bg6 90. Nh6 Bh7 91. Kd3 Kd6 92.
Ke3 Ke7 93. Nf5+ Kd7 94. Kd3 Bg6 95. Ne3 Kd6 96. Kd4 Bh7 97. Ng2 Bg6 98. Nf4
Bf7 99. Nd3 Bg6 100. Nb2 Bh7 101. Nc4+ Kd7 102. Ke3 Ke7 103. Kd4 Kd7 104. Ne3
Kd6 105. Nf5+ Kd7 106. Kc5 Bg6 107. Ng3 Kc7 108. d6+ Kd7 109. Nf5 Bh7 110. Kd5
Bg8+ 111. Kd4 Bh7 112. Kc5 Bg6 113. Ng3 Be8 114. Ne2 Bg6 115. Nc3 Kd8 116. Kd4
Kd7 117. Kd5 Be8 118. Na4 Bf7+ 119. Kc5 Be8 120. Nb6+ Ke6 121. Nc4 Bd7 122. Kb6
f5 123. exf5+ Kxf5 124. Kc7 Be6 125. Na5 Ke5 126. Nb7 Kd5 127. Kd8 Bh3 128. Ke7
Kc6 1/2-1/2

[Event "BL 1516 Schwäbisch Hall - Hansa Dortmu"]
[Site "?"]
[Date "2016.02.06"]
[Round "5.3"]
[White "Zelbel, Patrick"]
[Black "Postny, Evgeny"]
[Result "1/2-1/2"]
[WhiteElo "2434"]
[BlackElo "2668"]
[PlyCount "99"]
[EventDate "2016.??.??"]

1. e4 e5 2. Nf3 Nc6 3. Bb5 a6 4. Ba4 Nf6 5. O-O Be7 6. d3 b5 7. Bb3 d6 8. a3
O-O 9. Nc3 Be6 10. Nd5 Na5 11. Nxf6+ Bxf6 12. Bxe6 fxe6 13. b4 Nc6 14. c3 d5
15. Qb3 Qd7 16. a4 Ne7 17. Be3 Ng6 18. Ra2 Be7 19. axb5 axb5 20. Rfa1 Rad8 21.
Ne1 h6 22. g3 Kh7 23. Ra7 Rf6 24. Ra8 Rxa8 25. Rxa8 Qc6 26. Ra5 dxe4 27. dxe4
Qxe4 28. Rxb5 Qg4 29. Qc2 Rf5 30. Rb7 Qc4 31. Ra7 e4 32. Bd4 e5 33. Be3 Rf6 34.
Ra5 Rc6 35. Bc5 Bxc5 36. Rxc5 Rxc5 37. bxc5 Ne7 38. Nf3 Qd5 39. Nd2 Qd3 40.
Qxd3 exd3 41. f3 Nd5 42. Kf2 Nxc3 43. Ke3 Na4 44. Ne4 Nb2 45. Kd2 Kg6 46. Kc3
Nd1+ 47. Kxd3 Kf5 48. Kd2 Nb2 49. Kc3 Nd1+ 50. Kd2 1/2-1/2